[Event "GBR-ch 91st"]
[Site "Scarborough"]
[Date "2004.08.02"]
[Round "1.29"]
[White "Westwood, Richard"]
[Black "Greet, Andrew"]
[Result "0-1"]
[WhiteElo "2030"]
[BlackElo "2310"]
[PlyCount "100"]
[EventDate "2004.08.02"]
[EventType "swiss"]
[EventRounds "11"]
[EventCountry "GBR"]

1. Nf3 Nf6 2. d4 e6 3. Bg5 c5 4. c3 Qb6 5. Qb3 Ne4 6. Bf4 Nc6 7. e3 d5 8. Qxb6
axb6 9. Bc7 Kd7 10. Bxb6 c4 11. Nfd2 Ra6 12. Bc5 Nxc5 13. dxc5 Bxc5 14. b4 Bxb4
15. Nxc4 dxc4 16. Bxc4 Ba5 17. Bxa6 bxa6 18. O-O Kc7 19. Rc1 Rd8 20. Na3 Bb6
21. Nc2 e5 22. Nb4 a5 23. Nc2 Bc5 24. a4 Ba6 25. Na3 Bxa3 26. Rxa3 Bc4 27. Raa1
Nb8 28. Rd1 Rxd1+ 29. Rxd1 Bb3 30. Rb1 Bc4 31. f4 Nd7 32. fxe5 Nxe5 33. Rd1 Nd3
34. Rf1 Nc5 35. Rf4 Bb3 36. c4 f6 37. Rg4 Ne6 38. Rh4 Bxa4 39. Rxh7 Bb3 40. h4
a4 41. Rh5 a3 42. Ra5 a2 43. Kf2 Bxc4 44. g4 Kb6 45. Ra3 Nc7 46. g5 fxg5 47.
hxg5 Nb5 48. Ra4 Bb3 49. Ra8 Na7 50. Rb8+ Kc7 0-1

[Event "GBR-ch 91st"]
[Site "Scarborough"]
[Date "2004.08.02"]
[Round "1.30"]
[White "Sherwin, James"]
[Black "Bryant, Richard"]
[Result "1-0"]
[WhiteElo "2303"]
[BlackElo "1872"]
[PlyCount "81"]
[EventDate "2004.08.02"]
[EventType "swiss"]
[EventRounds "11"]
[EventCountry "GBR"]

1. Nf3 c5 2. e4 Nc6 3. Bb5 e6 4. Bxc6 dxc6 5. d3 Qc7 6. a4 e5 7. h3 Ne7 8. Be3
Ng6 9. Na3 f6 10. Qd2 Be6 11. Qc3 b6 12. a5 Be7 13. O-O O-O 14. b3 Nf4 15. Bxf4
exf4 16. d4 f5 17. exf5 Rxf5 18. axb6 Qxb6 19. Rfe1 cxd4 20. Nc4 Qd8 21. Qd3
Rf6 22. Nxd4 Bd5 23. Ne5 Bc5 24. Rad1 Qc7 25. c4 Bxd4 26. Qxd4 Be6 27. Qd6 Rc8
28. Qxc7 Rxc7 29. Rd8+ Rf8 30. Rd6 Bf7 31. Nxc6 Be8 32. Ne7+ Kf7 33. Nd5 Rb7
34. b4 Ba4 35. Re4 g5 36. h4 Bc2 37. Rd4 h6 38. Rxh6 Kg7 39. hxg5 Rf5 40. Rf6
Rxg5 41. Rfxf4 1-0

[Event "GBR-ch 91st"]
[Site "Scarborough"]
[Date "2004.08.02"]
[Round "1.31"]
[White "Clarke, Thomas"]
[Black "Lee, Graham D"]
[Result "0-1"]
[WhiteElo "2132"]
[BlackElo "2316"]
[PlyCount "116"]
[EventDate "2004.08.02"]
[EventType "swiss"]
[EventRounds "11"]
[EventCountry "GBR"]

1. d4 Nf6 2. Bg5 e6 3. e4 h6 4. Bxf6 Qxf6 5. Nc3 Bb4 6. Qd3 d6 7. O-O-O O-O 8.
Nf3 Nd7 9. Ne2 c5 10. c3 Ba5 11. g4 e5 12. h4 exd4 13. cxd4 cxd4 14. g5 Qe6 15.
Qa3 Bb6 16. Nexd4 Qxe4 17. Bd3 Qf4+ 18. Kb1 Ne5 19. Nxe5 Bxd4 20. Nf3 Bc5 21.
Qc3 Bb4 22. Qd4 Qxd4 23. Nxd4 Bc5 24. Be4 Re8 25. f3 Rb8 26. Nb5 Re6 27. Nc7
Re5 28. a3 Bf5 29. Bxf5 Rxf5 30. gxh6 gxh6 31. Rd3 h5 32. Nd5 Re8 33. f4 Re2
34. Ka2 Kf8 35. Kb3 b5 36. Nc3 Re3 37. Kc2 Rxd3 38. Kxd3 Rxf4 39. Nxb5 a6 40.
Nc3 a5 41. Ne4 Ke7 42. Re1 Kd7 43. Rh1 a4 44. Rc1 Rxh4 45. Rc4 Rh3+ 46. Kc2
Rh2+ 47. Kc3 Be3 48. Rxa4 f5 49. Kd3 Bc1 50. Ng3 Ke6 51. b4 Rh3 52. Kc2 Rxg3
53. Kxc1 h4 54. b5 h3 55. Kb2 Rg4 56. Ra8 Rh4 57. Re8+ Kd5 58. Re1 Kc5 0-1

[Event "GBR-ch 91st"]
[Site "Scarborough"]
[Date "2004.08.03"]
[Round "2.1"]
[White "Hebden, Mark"]
[Black "Gwaze, Robert"]
[Result "1/2-1/2"]
[WhiteElo "2559"]
[BlackElo "2376"]
[PlyCount "179"]
[EventDate "2004.08.02"]
[EventType "swiss"]
[EventRounds "11"]
[EventCountry "GBR"]

1. d4 Nf6 2. Nf3 e6 3. c3 b6 4. Bg5 Bb7 5. Nbd2 d5 6. e3 Be7 7. Bb5+ c6 8. Bd3
O-O 9. Ne5 Nfd7 10. Bf4 Nxe5 11. Bxe5 Nd7 12. Bg3 c5 13. O-O Nf6 14. Qf3 Qc8
15. Rfe1 Qc6 16. Bh4 Qc7 17. Rad1 e5 18. dxe5 Qxe5 19. e4 d4 20. Qf5 Bd6 21.
Qxe5 Bxe5 22. Nf3 Bf4 23. cxd4 cxd4 24. Bg3 Bxg3 25. hxg3 Rad8 26. e5 Bxf3 27.
gxf3 Nd7 28. b4 Rfe8 29. f4 g5 30. Bb5 gxf4 31. Rxd4 Nf8 32. Rxf4 Re7 33. Bc4
Kg7 34. Kg2 Rd2 35. Rfe4 Ng6 36. Bb3 h6 37. Kg1 Rc7 38. R1e2 Rxe2 39. Rxe2 Ne7
40. Re4 Ng6 41. f4 h5 42. f5 Nf8 43. e6 fxe6 44. fxe6 Ng6 45. Re2 a5 46. bxa5
bxa5 47. Kg2 Kf6 48. Rf2+ Kg5 49. Rc2 Rxc2+ 50. Bxc2 Ne7 51. Kf3 Kf6 52. Bb3
Nf5 53. Kf4 Nd4 54. Bc4 a4 55. e7 Kxe7 56. Kg5 a3 57. Kxh5 Kf6 58. Kg4 Nc6 59.
Kf4 Ne5 60. Be2 Ng6+ 61. Ke4 Ne7 62. Bb5 Nf5 63. Kf4 Ne7 64. Bc4 Ng6+ 65. Ke4
Ne7 66. Be2 Nc6 67. Kf4 Ne7 68. Bf3 Ng6+ 69. Ke3 Ne7 70. Kd3 Nf5 71. g4 Nh6 72.
Kc3 Kg5 73. Kb3 Nxg4 74. Kxa3 Ne5 75. Be2 Kf6 76. Kb4 Ke7 77. Kc5 Kd7 78. Kb6
Kd6 79. Bb5 Nf3 80. a4 Nd4 81. Be8 Nb3 82. Bf7 Nc5 83. a5 Nd7+ 84. Kb7 Nc5+ 85.
Kb8 Na6+ 86. Kb7 Nc5+ 87. Kc8 Na6 88. Bc4 Nb4 89. Kb7 Nc6 90. Kc8 1/2-1/2

[Event "GBR-ch 91st"]
[Site "Scarborough"]
[Date "2004.08.03"]
[Round "2.3"]
[White "Motwani, Paul"]
[Black "Knott, Simon"]
[Result "1-0"]
[WhiteElo "2552"]
[BlackElo "2359"]
[PlyCount "83"]
[EventDate "2004.08.02"]
[EventType "swiss"]
[EventRounds "11"]
[EventCountry "GBR"]

1. d4 Nf6 2. c4 g6 3. g3 Bg7 4. Bg2 d5 5. cxd5 Nxd5 6. e4 Nb6 7. Ne2 e5 8. d5
O-O 9. Nbc3 c6 10. O-O Re8 11. a4 cxd5 12. a5 Nc4 13. Qxd5 Be6 14. Qxb7 Nd7 15.
Nd5 Bf8 16. Qb3 Rc8 17. Qd1 Rb8 18. Qc2 Rc8 19. Nec3 Nxa5 20. Be3 Nc6 21. Bxa7
Nxa7 22. Rxa7 Bc5 23. Rb7 Bd4 24. Qd2 Nc5 25. Rb4 Bxc3 26. bxc3 Bxd5 27. exd5
e4 28. d6 Qd7 29. Qd5 Re6 30. Rd1 Rc6 31. Rb8+ Kg7 32. Qd4+ f6 33. Bh3 Rcxd6
34. Qxc5 Rxd1+ 35. Kg2 Qe7 36. Qc8 e3 37. Bxe6 e2 38. Rb7 Rg1+ 39. Kh3 Qxb7 40.
Qxb7+ Kh6 41. Bg8 e1=Q 42. Qxh7+ 1-0

[Event "GBR-ch 91st"]
[Site "Scarborough"]
[Date "2004.08.03"]
[Round "2.4"]
[White "Gordon, Stephen"]
[Black "Emms, John"]
[Result "1-0"]
[WhiteElo "2338"]
[BlackElo "2508"]
[PlyCount "79"]
[EventDate "2004.08.02"]
[EventType "swiss"]
[EventRounds "11"]
[EventCountry "GBR"]

1. d4 Nf6 2. Bg5 e6 3. e4 h6 4. Bxf6 Qxf6 5. c3 c5 6. Nf3 cxd4 7. cxd4 Bb4+ 8.
Nc3 Nc6 9. Be2 O-O 10. Rc1 d5 11. e5 Qd8 12. O-O Bd7 13. a3 Be7 14. Re1 Rc8 15.
Bd3 Na5 16. Nd2 Bg5 17. Rc2 Nc6 18. Ne2 Qb6 19. Nf3 Be7 20. b4 a6 21. Nf4 Na7
22. Rc5 Bxc5 23. dxc5 Qd8 24. Nh5 Nc6 25. Qd2 f5 26. exf6 Rxf6 27. Nxf6+ Qxf6
28. Bb1 g5 29. h3 Rf8 30. a4 Ne7 31. Ne5 Bc8 32. b5 axb5 33. axb5 Qf4 34. Qc2
Qf5 35. Qe2 Qf4 36. g3 Qd4 37. Qc2 Rf5 38. Ng4 Kg7 39. Rd1 Qb4 40. Qe2 1-0

[Event "GBR-ch 91st"]
[Site "Scarborough"]
[Date "2004.08.03"]
[Round "2.5"]
[White "Tan, Desmond"]
[Black "Summerscale, Aaron"]
[Result "0-1"]
[WhiteElo "2335"]
[BlackElo "2493"]
[PlyCount "66"]
[EventDate "2004.08.02"]
[EventType "swiss"]
[EventRounds "11"]
[EventCountry "GBR"]

1. e4 e6 2. d4 d5 3. Nc3 Bb4 4. e5 c5 5. Bd2 Nh6 6. Nb5 Bxd2+ 7. Qxd2 O-O 8.
dxc5 Nc6 9. Nf3 b6 10. cxb6 Qxb6 11. Bd3 Ng4 12. Qe2 Qb8 13. Ng5 Qxe5 14. Bxh7+
Kh8 15. Qxe5 Ngxe5 16. Bd3 Nxd3+ 17. cxd3 Rb8 18. a4 a6 19. Nc3 Rxb2 20. O-O
Rb3 21. Rfc1 Nd4 22. Kf1 Bd7 23. Ne2 Nxe2 24. Kxe2 f6 25. Nf3 Rb4 26. a5 Rfb8
27. Kd2 e5 28. Ra2 Ba4 29. Rc5 Rb2+ 30. Rxb2 Rxb2+ 31. Ke1 d4 32. Nd2 Bb5 33.
Ke2 e4 0-1

[Event "GBR-ch 91st"]
[Site "Scarborough"]
[Date "2004.08.03"]
[Round "2.6"]
[White "Ward, Chris"]
[Black "Sowray, Peter J"]
[Result "1-0"]
[WhiteElo "2490"]
[BlackElo "2349"]
[PlyCount "113"]
[EventDate "2004.08.02"]
[EventType "swiss"]
[EventRounds "11"]
[EventCountry "GBR"]

1. d4 e6 2. Nf3 f5 3. h3 Nf6 4. g4 b6 5. gxf5 exf5 6. Qd3 Ne4 7. Rg1 Ba6 8. Qb3
Nc6 9. c3 Qe7 10. Nbd2 h6 11. Qd5 Nxd2 12. Bxd2 Qe4 13. Qxe4+ fxe4 14. Nh4 Ne7
15. Ng6 Nxg6 16. Rxg6 Kf7 17. Rg4 Re8 18. Rf4+ Kg8 19. Bg2 Bb7 20. O-O-O Bd5
21. Rg1 g5 22. Rg4 Kf7 23. h4 Be7 24. hxg5 hxg5 25. Bxe4 Bxa2 26. Bf5 Bf6 27.
e4 Be6 28. Bxe6+ Rxe6 29. e5 Be7 30. Bxg5 Rg6 31. Bxe7 Rxg4 32. Rxg4 Kxe7 33.
Kd2 Ke6 34. c4 c5 35. Ke3 Rh3+ 36. Ke4 cxd4 37. f4 d3 38. f5+ Kf7 39. Rg6 Rh4+
40. Kxd3 Rf4 41. Rd6 Rxf5 42. Ke4 Rf2 43. Rxd7+ Ke6 44. Rd6+ Ke7 45. b4 Rb2 46.
b5 Rc2 47. Kd5 Rc1 48. Rh6 Rd1+ 49. Kc6 Ra1 50. Kb7 Ra4 51. Rc6 Kd7 52. Kb8 a5
53. Kb7 Ra1 54. Kxb6 a4 55. Rc7+ Kd8 56. Ra7 a3 57. c5 1-0

[Event "GBR-ch 91st"]
[Site "Scarborough"]
[Date "2004.08.03"]
[Round "2.7"]
[White "Mannion, Stephen"]
[Black "Gormally, Daniel W"]
[Result "1/2-1/2"]
[WhiteElo "2333"]
[BlackElo "2479"]
[PlyCount "29"]
[EventDate "2004.08.02"]
[EventType "swiss"]
[EventRounds "11"]
[EventCountry "GBR"]

1. e4 c6 2. d4 d5 3. f3 e5 4. dxe5 Bc5 5. Nc3 Ne7 6. f4 Bb4 7. Nf3 O-O 8. Bd2
Bxc3 9. Bxc3 Qb6 10. Bd3 Na6 11. Qe2 Nc5 12. O-O-O dxe4 13. Bxe4 Nxe4 14. Qxe4
Bf5 15. Qd4 1/2-1/2

[Event "GBR-ch 91st"]
[Site "Scarborough"]
[Date "2004.08.03"]
[Round "2.8"]
[White "Lee, Graham D"]
[Black "Ledger, Andrew J"]
[Result "0-1"]
[WhiteElo "2316"]
[BlackElo "2452"]
[PlyCount "106"]
[EventDate "2004.08.02"]
[EventType "swiss"]
[EventRounds "11"]
[EventCountry "GBR"]

1. e4 c6 2. d4 d5 3. e5 Bf5 4. Nc3 e6 5. g4 Bg6 6. Nge2 Nd7 7. h4 h5 8. Nf4 Ne7
9. Nxg6 Nxg6 10. gxh5 Nxh4 11. Qg4 Nf5 12. Bd3 Nh6 13. Bxh6 Rxh6 14. O-O-O Qb6
15. Bg6 fxg6 16. Qxe6+ Kd8 17. Qf7 Qb4 18. hxg6 Rxh1 19. Rxh1 Qe7 20. Qf5 Kc7
21. f4 b5 22. Qg4 Qb4 23. f5 Re8 24. Qg1 Nb6 25. a3 Qc4 26. Rh3 b4 27. axb4
Bxb4 28. f6 Qa6 29. Nb1 Nc4 30. c3 Qa1 31. Qh2 Bf8 32. Rh7 Na3 33. bxa3 Bxa3+
34. Kd2 Qxb1 35. Rxg7+ Kb6 36. Qh7 Bc1+ 37. Ke2 Qc2+ 38. Kf1 Qd3+ 39. Kg2 Qe4+
40. Kh3 Qf3+ 41. Kh4 Rh8 42. Rb7+ Ka6 43. Rxa7+ Kb5 44. Qxh8 Qh1+ 45. Kg3 Qxh8
46. Rh7 Qg8 47. Rg7 Qc8 48. Re7 Qf5 49. g7 Bf4+ 50. Kg2 Qg4+ 51. Kf1 Be3 52.
Rb7+ Kc4 53. Rb2 Kd3 0-1

[Event "GBR-ch 91st"]
[Site "Scarborough"]
[Date "2004.08.03"]
[Round "2.9"]
[White "Arakhamia-Grant, Ketevan"]
[Black "Howell, David W"]
[Result "1-0"]
[WhiteElo "2446"]
[BlackElo "2334"]
[PlyCount "163"]
[EventDate "2004.08.02"]
[EventType "swiss"]
[EventRounds "11"]
[EventCountry "GBR"]

1. e4 e5 2. Nf3 Nc6 3. Bb5 Nf6 4. d3 d6 5. O-O g6 6. d4 Bd7 7. Nc3 Bg7 8. Bxc6
Bxc6 9. dxe5 Nxe4 10. Nxe4 Bxe4 11. Re1 d5 12. Ng5 Bf5 13. e6 Bxe6 14. Nxe6
fxe6 15. Rxe6+ Kf7 16. Re3 Rf8 17. Rd3 c6 18. Be3 b5 19. a4 a6 20. c3 Kg8 21.
Qg4 Qc8 22. h3 Qxg4 23. hxg4 Rfb8 24. Bf4 Rb7 25. axb5 Rxb5 26. Ra2 Rb3 27. Re3
Kf7 28. Bd6 Bf8 29. Rf3+ Kg8 30. Bxf8 Rxf8 31. Rxf8+ Kxf8 32. Rxa6 Rxb2 33.
Rxc6 Rc2 34. Rc5 Kf7 35. Rxd5 Rxc3 36. Rd7+ Kg8 37. g3 Rc1+ 38. Kg2 Rc2 39. Kf3
Rc4 40. Ra7 Rb4 41. Rc7 Ra4 42. g5 Ra3+ 43. Kg4 Ra4+ 44. f4 Ra3 45. Kh3 Ra4 46.
Re7 Rb4 47. Kg2 Rb3 48. g4 Ra3 49. Kf2 Rb3 50. Re3 Rb7 51. Kf3 Kg7 52. f5 gxf5
53. gxf5 Kf7 54. Ra3 Rc7 55. Ra4 Rb7 56. Kf4 Rb5 57. Ra7+ Kg8 58. f6 Rb1 59.
Ke5 Re1+ 60. Kd6 Rd1+ 61. Ke7 Re1+ 62. Kd8 Rb1 63. Rg7+ Kh8 64. Rd7 Kg8 65.
Rg7+ Kh8 66. Re7 Kg8 67. Ke8 Rb8+ 68. Kd7 Rb1 69. Kd8 Ra1 70. Rc7 Ra8+ 71. Ke7
Rf8 72. Ke6 Re8+ 73. Kf5 Ra8 74. g6 Ra5+ 75. Ke6 Ra6+ 76. Ke7 Ra8 77. f7+ Kg7
78. gxh7 Rb8 79. Rd7 Rf8 80. Ke6 Kxh7 81. Kf6 Ra8 82. f8=Q# 1-0

[Event "GBR-ch 91st"]
[Site "Scarborough"]
[Date "2004.08.03"]
[Round "2.10"]
[White "Greet, Andrew"]
[Black "Williams, Simon K"]
[Result "0-1"]
[WhiteElo "2310"]
[BlackElo "2427"]
[PlyCount "82"]
[EventDate "2004.08.02"]
[EventType "swiss"]
[EventRounds "11"]
[EventCountry "GBR"]

1. d4 e6 2. c4 f5 3. g3 Nf6 4. Bg2 Be7 5. Nh3 O-O 6. O-O d6 7. Nc3 c6 8. e4 e5
9. dxe5 dxe5 10. Qc2 fxe4 11. Nxe4 Bf5 12. Nhg5 Qe8 13. Nxf6+ gxf6 14. Ne4 Qg6
15. h3 Be6 16. Kh2 f5 17. Nc3 Nd7 18. Re1 Bd6 19. b3 Rae8 20. Qd2 Bb4 21. Bb2
Rf7 22. Rad1 Rg7 23. Rg1 Nf6 24. Qe2 Bc8 25. Qe3 Ba5 26. Kh1 Bb6 27. c5 Bc7 28.
Ne2 Qh5 29. Rge1 a5 30. Kg1 Qg6 31. Qc3 h5 32. Qc4+ Be6 33. Qh4 Nd7 34. Bf3 Rh7
35. Rc1 f4 36. Nxf4 exf4 37. Be4 Bf5 38. Bxf5 Rxe1+ 39. Rxe1 Qxf5 40. Re7 fxg3
41. Qc4+ Rf7 0-1

[Event "GBR-ch 91st"]
[Site "Scarborough"]
[Date "2004.08.03"]
[Round "2.11"]
[White "Palliser, Richard"]
[Black "Sherwin, James"]
[Result "1/2-1/2"]
[WhiteElo "2411"]
[BlackElo "2303"]
[PlyCount "73"]
[EventDate "2004.08.02"]
[EventType "swiss"]
[EventRounds "11"]
[EventCountry "GBR"]

1. d4 e6 2. c4 Nf6 3. Nf3 b6 4. g3 Ba6 5. Nbd2 Bb7 6. Bg2 c5 7. e4 cxd4 8. O-O
d6 9. Nxd4 Nbd7 10. a4 e5 11. Nb5 Be7 12. Nc3 a5 13. b3 Qc7 14. Bb2 Nc5 15. Qc2
Bc6 16. Nd5 Nxd5 17. exd5 Bb7 18. f4 O-O 19. fxe5 dxe5 20. Rae1 f6 21. Nf3 Bd6
22. Nh4 g6 23. g4 Rae8 24. Re2 Bc8 25. Ref2 Qg7 26. h3 Na6 27. g5 Bc5 28. Kh1
Bxf2 29. Rxf2 fxg5 30. Rxf8+ Qxf8 31. Nxg6 Qf6 32. Nxe5 Rxe5 33. Qc3 Re1+ 34.
Qxe1 Qxb2 35. Qe8+ Kg7 36. Qe7+ Kh6 37. Qf8+ 1/2-1/2

[Event "GBR-ch 91st"]
[Site "Scarborough"]
[Date "2004.08.03"]
[Round "2.12"]
[White "Quinn, Mark"]
[Black "Mycroft, Richard"]
[Result "1-0"]
[WhiteElo "2406"]
[BlackElo "2110"]
[PlyCount "39"]
[EventDate "2004.08.02"]
[EventType "swiss"]
[EventRounds "11"]
[EventCountry "GBR"]

1. c4 e6 2. d4 d5 3. Nc3 Nf6 4. Nf3 Be7 5. Bg5 O-O 6. e3 c6 7. Qc2 b6 8. Bd3
dxc4 9. Bxc4 Ba6 10. Bxa6 Nxa6 11. O-O h6 12. Bxf6 gxf6 13. Qe4 Rc8 14. Qg4+
Kh7 15. Qh5 f5 16. Rad1 Nb4 17. Ne5 Nd5 18. Nxf7 Rxf7 19. Qxf7+ Kh8 20. Qxe6
1-0

[Event "GBR-ch 91st"]
[Site "Scarborough"]
[Date "2004.08.03"]
[Round "2.13"]
[White "Sisask, Jesper"]
[Black "Dearing, Eddie"]
[Result "0-1"]
[WhiteElo "2057"]
[BlackElo "2393"]
[PlyCount "144"]
[EventDate "2004.08.02"]
[EventType "swiss"]
[EventRounds "11"]
[EventCountry "GBR"]

1. d4 d5 2. c4 e6 3. Nc3 Be7 4. cxd5 exd5 5. Bf4 Nf6 6. e3 O-O 7. Bd3 c5 8. Nf3
Nc6 9. O-O c4 10. Bc2 Bg4 11. h3 Bh5 12. g4 Bg6 13. Ne5 Rc8 14. f3 Bxc2 15.
Qxc2 Nb4 16. Qa4 a6 17. a3 b5 18. Qd1 Nc6 19. Rf2 Na5 20. h4 Ne8 21. g5 Nb3 22.
Rb1 b4 23. axb4 Bxb4 24. Qc2 Bd6 25. Qf5 g6 26. Qg4 h5 27. gxh6 Nf6 28. Qg5 Kh7
29. Rg2 Bxe5 30. Bxe5 Nh5 31. Qg4 Rc6 32. Ne2 Qc8 33. Rf1 f5 34. Qg5 Qd8 35.
Nc3 Re6 36. Rgf2 Qd7 37. Kh2 Na5 38. e4 Nc6 39. exd5 Rxe5 40. dxe5 Nxe5 41. Rg1
Qd6 42. Kh1 Rf7 43. Qe3 Qe7 44. Qg5 Qd6 45. Qe3 Qe7 46. Rg5 Ng4 47. Qxe7 Nxf2+
48. Kg2 Rxe7 49. Kxf2 Kxh6 50. Rg1 Nf4 51. Ra1 Nd3+ 52. Kg2 Nxb2 53. Rxa6 Re3
54. Nb5 Rd3 55. d6 c3 56. Rc6 Rd2+ 57. Kh3 c2 58. Na3 Rxd6 59. Rxc2 Rd3 60.
Rxb2 Rxf3+ 61. Kg2 Rxa3 62. Rb4 Kh5 63. Rc4 Re3 64. Kh2 Re4 65. Rxe4 fxe4 66.
Kh3 e3 67. Kg3 e2 68. Kf2 Kxh4 69. Kxe2 Kg3 70. Kf1 g5 71. Kg1 g4 72. Kh1 Kf2
0-1

[Event "GBR-ch 91st"]
[Site "Scarborough"]
[Date "2004.08.03"]
[Round "2.14"]
[White "Wells, Peter"]
[Black "Spence, David J"]
[Result "1-0"]
[WhiteElo "2494"]
[BlackElo "2236"]
[PlyCount "97"]
[EventDate "2004.08.02"]
[EventType "swiss"]
[EventRounds "11"]
[EventCountry "GBR"]

1. d4 e6 2. c4 Nf6 3. Nc3 Bb4 4. Qc2 O-O 5. e4 d6 6. a3 Bxc3+ 7. bxc3 e5 8. Bd3
Nc6 9. Ne2 h6 10. f4 Re8 11. O-O b6 12. fxe5 dxe5 13. d5 Na5 14. Ng3 Nb7 15. h3
Nd6 16. Be3 Nh7 17. c5 bxc5 18. Bxc5 Qh4 19. Qf2 Ng5 20. Nh1 Qxf2+ 21. Nxf2 f5
22. Bxd6 cxd6 23. exf5 Bb7 24. h4 Nh7 25. Bb5 Rf8 26. Rab1 Bxd5 27. Rfd1 Ba2
28. Rb2 Rab8 29. Rxd6 Kh8 30. a4 Bc4 31. g4 Nf6 32. Rb4 Bxb5 33. axb5 Rfc8 34.
c4 h5 35. g5 Ne8 36. Re6 Rd8 37. Rxe5 Rd4 38. Re4 Rbd8 39. c5 R4d5 40. b6 axb6
41. cxb6 Rb8 42. b7 Nd6 43. Red4 Rxd4 44. Rxd4 Nxf5 45. Rd7 Nxh4 46. Ne4 Nf3+
47. Kg2 Ne5 48. Rc7 Nc6 49. Nc5 1-0

[Event "GBR-ch 91st"]
[Site "Scarborough"]
[Date "2004.08.03"]
[Round "2.16"]
[White "Muir, Andrew J"]
[Black "Haslinger, Stewart"]
[Result "1/2-1/2"]
[WhiteElo "2328"]
[BlackElo "2408"]
[PlyCount "56"]
[EventDate "2004.08.02"]
[EventType "swiss"]
[EventRounds "11"]
[EventCountry "GBR"]

1. d4 d5 2. c4 c6 3. Nf3 Nf6 4. Nc3 a6 5. a4 e6 6. Bg5 Nbd7 7. e3 Qa5 8. Nd2
Bb4 9. Qc2 c5 10. Bh4 O-O 11. Be2 Qb6 12. dxc5 Qxc5 13. O-O b6 14. Nb3 Qc7 15.
Bg3 e5 16. Rac1 Bb7 17. cxd5 Nxd5 18. Nxd5 Qxc2 19. Ne7+ Bxe7 20. Rxc2 Bd5 21.
Bc4 Rac8 22. Rfc1 Bxc4 23. Rxc4 Rxc4 24. Rxc4 Rd8 25. Kf1 f6 26. Ke2 a5 27. f3
Kf7 28. e4 Nc5 1/2-1/2

[Event "GBR-ch 91st"]
[Site "Scarborough"]
[Date "2004.08.03"]
[Round "2.17"]
[White "Houska, Jovanka"]
[Black "Pym, Thomas"]
[Result "1-0"]
[WhiteElo "2375"]
[BlackElo "2059"]
[PlyCount "155"]
[EventDate "2004.08.02"]
[EventType "swiss"]
[EventRounds "11"]
[EventCountry "GBR"]

1. e4 c5 2. Nf3 d6 3. c3 Nf6 4. Be2 g6 5. O-O Bg7 6. Bb5+ Nbd7 7. Re1 a6 8. Bf1
O-O 9. d4 e5 10. dxe5 Nxe5 11. Nxe5 dxe5 12. Qc2 Be6 13. a4 Qc7 14. Na3 c4 15.
f3 b6 16. Be3 Rfd8 17. Qf2 Rab8 18. Nc2 a5 19. Na3 Nd7 20. Qe2 Rbc8 21. Red1
Bf8 22. Nb5 Qb8 23. Kh1 Bc5 24. Bh6 Be7 25. Qf2 Nc5 26. Rxd8+ Rxd8 27. Be3 Nb3
28. Rb1 Bc5 29. Bxc5 Nxc5 30. Na3 Nd3 31. Qe3 Qd6 32. Kg1 Kg7 33. Rd1 Rd7 34.
Rd2 Rb7 35. Be2 Qc5 36. Qxc5 bxc5 37. Nb5 Bd7 38. Bxd3 cxd3 39. c4 Bxb5 40.
axb5 Rd7 41. b3 Rd4 42. Kf2 a4 43. bxa4 Rxc4 44. Rxd3 Rxa4 45. Rb3 c4 46. Rb1
c3 47. b6 c2 48. Rc1 Rb4 49. Rxc2 Rxb6 50. Rc5 f6 51. Rc7+ Kh6 52. h4 g5 53.
hxg5+ fxg5 54. Re7 Rb5 55. Kg3 Kg6 56. Re6+ Kf7 57. Ra6 h5 58. Rh6 h4+ 59. Kg4
Rb2 60. Kxg5 Rxg2+ 61. Kxh4 Rg1 62. Rh5 Kf6 63. Rf5+ Ke6 64. Kh3 Rg7 65. Rh5
Rg6 66. Rh8 Kd6 67. Rh4 Rg1 68. Rg4 Ra1 69. Rg6+ Kc5 70. Kg4 Ra5 71. Kf5 Kd4
72. Rd6+ Kc4 73. Ke6 Ra3 74. Kxe5 Rxf3 75. Ke6 Kc5 76. e5 Rh3 77. Rd1 Rh7 78.
Kf6 1-0

[Event "GBR-ch 91st"]
[Site "Scarborough"]
[Date "2004.08.03"]
[Round "2.18"]
[White "Walton, Alan J"]
[Black "Rendle, Thomas"]
[Result "1-0"]
[WhiteElo "2208"]
[BlackElo "2258"]
[PlyCount "85"]
[EventDate "2004.08.02"]
[EventType "swiss"]
[EventRounds "11"]
[EventCountry "GBR"]

1. d4 f5 2. Bg5 g6 3. Nd2 Bg7 4. e3 Nh6 5. Bc4 d5 6. Bb3 Nf7 7. Bh4 c5 8. c3 c4
9. Bc2 Qa5 10. Ne2 b5 11. b3 Qa3 12. O-O g5 13. Bg3 h5 14. Qb1 f4 15. exf4 h4
16. bxc4 bxc4 17. fxg5 hxg3 18. fxg3 Nd6 19. Bh7 Kd8 20. Qg6 Ne8 21. Rf7 Qb2
22. Rd1 Bg4 23. Nf3 Bxf3 24. Nf4 Bxd1 25. Ne6+ Kc8 26. Rxe7 Nc6 27. Rxe8+ Rxe8
28. Qxe8+ Kb7 29. Qd7+ Ka6 30. Qxc6+ Qb6 31. Nc7+ Ka5 32. Qxd5+ Ka4 33. Qxc4+
Ka3 34. Nxa8 Qb2 35. Bg8 Qb1 36. Qa6+ Ba4+ 37. Qf1 Qc2 38. h4 Qxc3 39. Kh2 Bxd4
40. Qc4 Qe3 41. Qf1 Bc6 42. Qa6+ Ba4 43. Bb3 1-0

[Event "GBR-ch 91st"]
[Site "Scarborough"]
[Date "2004.08.03"]
[Round "2.19"]
[White "Radovanovic, Jovica"]
[Black "Taylor, Martin R"]
[Result "1/2-1/2"]
[WhiteElo "2189"]
[BlackElo "2331"]
[PlyCount "94"]
[EventDate "2004.08.02"]
[EventType "swiss"]
[EventRounds "11"]
[EventCountry "GBR"]

1. e4 e5 2. Nf3 Nc6 3. Bb5 a6 4. Ba4 Nf6 5. O-O b5 6. Bb3 Be7 7. Re1 d6 8. c3
O-O 9. d3 Na5 10. Bc2 c5 11. Nbd2 Re8 12. Nf1 Bb7 13. d4 Qc7 14. d5 Nc4 15. Qe2
Nb6 16. h3 g6 17. N3h2 Nh5 18. Qf3 Rf8 19. Bh6 Ng7 20. Ne3 Qd8 21. Nhg4 f6 22.
Nh2 Rf7 23. g4 Qd7 24. Nhf1 f5 25. gxf5 gxf5 26. exf5 Kh8 27. Ng3 Rg8 28. Kh2
Ne8 29. Nh5 Bf8 30. Bxf8 Rfxf8 31. Rg1 Qf7 32. Be4 Nd7 33. b3 Ndf6 34. Nxf6
Nxf6 35. c4 b4 36. Ng4 Nxg4+ 37. Rxg4 Rxg4 38. hxg4 Rg8 39. Rg1 Rg5 40. Rg3 Qf6
41. Qe3 Bc8 42. f4 exf4 43. Qxf4 Kg7 44. Bg2 Bd7 45. Be4 h6 46. Rg2 Kf7 47. Rg3
Kf8 1/2-1/2

[Event "GBR-ch 91st"]
[Site "Scarborough"]
[Date "2004.08.03"]
[Round "2.20"]
[White "Ledger, Stephen C"]
[Black "Martyn, Rafe"]
[Result "1/2-1/2"]
[WhiteElo "2203"]
[BlackElo "2322"]
[PlyCount "94"]
[EventDate "2004.08.02"]
[EventType "swiss"]
[EventRounds "11"]
[EventCountry "GBR"]

1. d4 Nf6 2. Nf3 e6 3. Bf4 c5 4. c3 d5 5. e3 Nc6 6. Nbd2 Bd6 7. Bg3 O-O 8. Bd3
Qe7 9. Ne5 Nd7 10. f4 f6 11. Nxc6 bxc6 12. O-O Rf7 13. Bh4 Qe8 14. e4 e5 15.
fxe5 fxe5 16. Rxf7 Qxf7 17. Nf3 exd4 18. exd5 Ne5 19. Nxe5 Bxe5 20. Qe2 Bf5 21.
Bxf5 Qxf5 22. Rf1 Bf4 23. cxd4 cxd4 24. dxc6 Be3+ 25. Bf2 Qc5 26. Bxe3 dxe3 27.
b4 Qxc6 28. Qxe3 Qb6 29. Qxb6 axb6 30. Rc1 Rxa2 31. Rc6 b5 32. Rc5 Rb2 33. Rxb5
h5 34. h4 Kf7 35. Rb7+ Kf6 36. b5 Kg6 37. b6 Kf6 38. Kh2 Rb3 39. Rb8 Kg6 40.
Kg1 Rb2 41. b7 Kh7 42. Kf1 g6 43. Ke1 Kg7 44. Kd1 Kh7 45. Kc1 Rb6 46. Kc2 Kg7
47. Kc3 Rb1 1/2-1/2

[Event "GBR-ch 91st"]
[Site "Scarborough"]
[Date "2004.08.03"]
[Round "2.21"]
[White "Adams, David M"]
[Black "Ledger, David J"]
[Result "1-0"]
[WhiteElo "2180"]
[BlackElo "2285"]
[PlyCount "105"]
[EventDate "2004.08.02"]
[EventType "swiss"]
[EventRounds "11"]
[EventCountry "GBR"]

1. e4 e5 2. Bc4 Nf6 3. d3 Bc5 4. Nf3 d6 5. O-O Nc6 6. c3 a6 7. a4 Ba7 8. Nbd2
O-O 9. Re1 Ng4 10. Re2 Kh8 11. h3 Nh6 12. Nf1 f5 13. exf5 Bxf5 14. Bd5 Qd7 15.
Ng5 Rae8 16. Ng3 Nd8 17. Be3 Bb8 18. Re1 c6 19. Be4 Ne6 20. Nxf5 Nxf5 21. Nxh7
Rf7 22. Qh5 g6 23. Qxg6 Rg8 24. Qh5 Neg7 25. Bxf5 Qxf5 26. Qxf5 Nxf5 27. Ng5
Rfg7 28. Bd2 d5 29. a5 Bd6 30. Ra4 Rxg5 31. Bxg5 Rxg5 32. Rg4 Rxg4 33. hxg4 Nh6
34. f3 Kg7 35. Kf2 Kf6 36. Rh1 Nf7 37. Rh7 Kg6 38. Rh1 Bc7 39. b4 Nd6 40. Ke2
Bd8 41. Kd2 Bg5+ 42. Kc2 Bf4 43. Kb3 Nb5 44. Rh5 Bg3 45. Rh8 Be1 46. Rg8+ Kf6
47. g5+ Ke6 48. Rg7 e4 49. fxe4 dxe4 50. dxe4 Nxc3 51. Rxb7 Nxe4 52. g6 c5 53.
g7 1-0